Największe miasta kontrolowane przez Oś - Statystyki

Ogólne statystyki
  • Ten quiz został rozwiązany 2 305 razy
    2 236 od ostatniego zresetowania
  • Średni wynik to 19 z 40
Statystyki odpowiedzi
Populacja Miasto % Poprawnych
4,75 mln Berlin
93%
40,5 mln Tokio
91%
11,4 mln Paryż
90%
2,35 mln Warszawa
88%
3,50 mln Rzym
85%
20,0 mln Pekin
81%
2,28 mln Monachium
70%
2,23 mln Wiedeń
67%
6,15 mln Mediolan
66%
3,48 mln Kijów
64%
34,1 mln Szanghaj
63%
2,50 mln Amsterdam
62%
2,88 mln Hamburg
60%
2,73 mln Bruksela
58%
2,63 mln Budapeszt
58%
25,0 mln Seul
57%
4,15 mln Neapol
54%
3,50 mln Ateny
51%
17,7 mln Osaka
50%
32,1 mln Dżakarta
49%
26,3 mln Manila
48%
7,55 mln Hongkong
44%
19,4 mln Bangkok
43%
7,90 mln Singapur
41%
47,6 mln Kanton
39%
3,28 mln Frankfurt
38%
9,15 mln Kuala Lumpur
37%
3,28 mln Rotterdam / Haga
35%
9,25 mln Wuhan
34%
9,15 mln Tajpej
31%
10,6 mln Ho Chi Minh
29%
2,73 mln Tunis
27%
10,5 mln Nagoja
18%
2,40 mln Stuttgart
17%
3,90 mln Addis Abeba
13%
13,2 mln Tiencin
9%
10,2 mln Xiamen
9%
8,60 mln Hangzhou
6%
8,10 mln Shenyang
5%
7,75 mln Shantou
4%
Nie znaleziono quizów pasujących do podanych kryteriów
Rozkład punktacji
Procent ludzi z każdym wynikiem
Percentyl według liczby udzielonych odpowiedzi
Twoja historia wyników
Nie rozwiązałeś tego quizu od ostatniego zresetowania